| 000 | 01430nam a2200373 a 4500 | ||
|---|---|---|---|
| 001 | 000110551 | ||
| 003 | CHAP | ||
| 005 | 20220329144138.0 | ||
| 008 | 140910s2014 mx sm |||||||spa d | ||
| 010 | _a107013 | ||
| 011 | _a107985 | ||
| 040 | _cCHAP | ||
| 090 | _aTesis | ||
| 100 | 1 |
_aBautista Cruz, Marco Antonio _9128351 |
|
| 245 | 1 | 0 |
_aSustratos en la producción de microgreen de rábano (raphanus sativus l.), cilantro (coriandrum sativum l.) y chícharo (pisum sativum l.) _h[En línea] _cpor Marco Antonio Bautista Cruz y Joel Juarez Mendoza. |
| 260 |
_aChapingo, Méx. : _bEl autor, _c2014. |
||
| 500 | _aPara ver el contenido del material haga clic en la liga | ||
| 502 | _aTesis (Ing. Agr. Esp. en Fitotecnia) -- UACH. Departamento de Fitotecnia | ||
| 590 |
_aBATCH-UPD _b05 _c20141002 _lUCH01 _h0905 |
||
| 590 |
_aBATCH-UPD _b10 _c20150120 _lUCH01 _h0854 |
||
| 590 |
_aBATCH _b00 _c20181121 _lUCH01 _h0758 |
||
| 590 |
_aE11695DGD _b10 _c20150120 _lUCH01 _h0853 |
||
| 590 |
_aE5765TAJ _b05 _c20140910 _lUCH01 _h0945 |
||
| 590 |
_aE5765TAJ _b05 _c20140910 _lUCH01 _h0946 |
||
| 650 | 1 | 4 |
_aMicrogreens _xProducción. _9129042 |
| 650 | 1 | 4 |
_aMicrogreens _xSustratos. _9129041 |
| 650 | 1 | 4 |
_aSemillas _xGerminación. _9103903 |
| 700 | 1 |
_aJuárez Mendoza, Joel _9128352 |
|
| 856 |
_a1 _n0000833 |
||
| 856 |
_aFinding aid _uhttp://10.13.5.2/tesis/sist110551.pdf _zTeclea aquí |
||
| 901 | _aBK | ||
| 942 | _cTESIS | ||
| 942 | _n0 | ||
| 999 |
_c107013 _d107013 |
||